Microeconomics. (7th ed.) (Record no. 82915)
[ view plain ]
| 000 -LEADER | |
|---|---|
| fixed length control field | 01040nam a2200217 a 4500 |
| 008 - FIXED-LENGTH DATA ELEMENTS--GENERAL INFORMATION | |
| fixed length control field | 101119s2009 ||||||||||||||||| || u |
| 020 ## - INTERNATIONAL STANDARD BOOK NUMBER | |
| International Standard Book Number | 0137133359 |
| 050 ## - LIBRARY OF CONGRESS CALL NUMBER | |
| Classification number | HB 172 Pin |
| 100 ## - MAIN ENTRY--PERSONAL NAME | |
| Personal name | Pindyck, Robert S |
| 245 10 - TITLE STATEMENT | |
| Title | Microeconomics. (7th ed.) |
| Statement of responsibility, etc. | By Robert S. Pindyck [and] Daneil L. Rubinfeld |
| 250 ## - EDITION STATEMENT | |
| Edition statement | 7th ed. |
| 260 ## - PUBLICATION, DISTRIBUTION, ETC. | |
| Place of publication, distribution, etc. | Upper Sadle River, NJ: |
| Name of publisher, distributor, etc. | Pearson Educational International |
| Date of publication, distribution, etc. | 2009 |
| 300 ## - PHYSICAL DESCRIPTION | |
| Extent | xxxii, 736p.: ill |
| 350 ## - | |
| -- | 36.00 |
| 650 #0 - SUBJECT ADDED ENTRY--TOPICAL TERM | |
| Topical term or geographic name entry element | ECONOMICS |
| 650 ## - SUBJECT ADDED ENTRY--TOPICAL TERM | |
| Topical term or geographic name entry element | MICROECONOMICS |
| 700 ## - ADDED ENTRY--PERSONAL NAME | |
| Personal name | Rubinfeld, Daniel L |
| 995 ## - | |
| -- | ANNEX COLLECTION (Main Library) |
| -- | 0.00 |
| -- | 742090 |
| -- | CBU-MAIN LIBRARY (Kitwe) |
| -- | 1 |
| -- | 0.00 |
| -- | HB 172 Pin |
| -- | 1 |
| -- | AVAILABLE |
| -- | Nov 19, 2010 |
| -- | 742090 |
| -- | Annex Low-Usage Collection |
| 995 ## - | |
| -- | MAIN LIBRARY OPEN ACCESS |
| -- | 745972 |
| -- | CBU-MAIN LIBRARY (Kitwe) |
| -- | 36.00 |
| -- | HB 172 Pin |
| -- | 2 |
| -- | AVAILABLE |
| -- | Jun 8, 2016 |
| -- | 745972 |
| -- | Main Library Open Access Collection |
| 995 ## - | |
| -- | MAIN LIBRARY OPEN ACCESS |
| -- | 745973 |
| -- | CBU-MAIN LIBRARY (Kitwe) |
| -- | 36.00 |
| -- | HB 172 Pin |
| -- | 3 |
| -- | OUT |
| -- | Jun 10, 2016 |
| -- | 745973 |
| -- | Main Library Open Access Collection |
| 999 ## - | |
| -- | 82915 |
| -- | 82915 |
| Withdrawn status | Lost status | Source of classification or shelving scheme | Damaged status | Not for loan | Permanent Location | Current Location | Shelving location | Date acquired | Total Checkouts | Full call number | Barcode | Date last seen | Copy number | Price effective from | Koha item type | Date last checked out |
|---|---|---|---|---|---|---|---|---|---|---|---|---|---|---|---|---|
| CBU-MAIN LIBRARY, KITWE. | CBU-MAIN LIBRARY, KITWE. | 09/29/2023 | HB 172 Pin | 742090 | 09/29/2023 | 1 | 09/29/2023 | MONOGRAPH | ||||||||
| CBU-MAIN LIBRARY, KITWE. | CBU-MAIN LIBRARY, KITWE. | 09/29/2023 | HB 172 Pin | 745972 | 09/29/2023 | 2 | 09/29/2023 | MONOGRAPH | ||||||||
| CBU-MAIN LIBRARY, KITWE. | CBU-MAIN LIBRARY, KITWE. | 09/29/2023 | 3 | HB 172 Pin | 745973 | 05/27/2024 | 3 | 09/29/2023 | MONOGRAPH | 05/14/2024 |